000 00652nam a2200241 a 4500
001 nice12345678
003 IN_TiNIC
005 20260116011749.0
008 050524s0000 hyda grp 000 0 eng
020 _a
_c100
082 0 0 _a306.0954
_bSHE
100 _aSherwani, Harun Khan
245 _aCultural Synthesis in Medieval India
260 _aHyderabad
_bInst.Of Indo-Middle East Cultural Studie
_c0000
300 _a28p
500 _aincludes index and biblioraphy
505 2 _aHyderabad Fellowship Publications No. 2.
650 _aIndia-Culture
700 1 _aSherwani, Harun Khan
902 _bSRS
942 _cBK
999 _c3783
_d3783